Synthesis of silvernanoparticles using Hevea leaf and latex (Record no. 50625)

MARC details
000 -LEADER
fixed length control field 00478nam a2200157Ia 4500
100 ## - MAIN ENTRY--AUTHOR NAME
Personal name Gopalakrishnan J
245 #0 - TITLE STATEMENT
Title Synthesis of silvernanoparticles using Hevea leaf and latex
260 ## - PUBLICATION, DISTRIBUTION, ETC. (IMPRINT)
Name of publisher IRRDB International Rubber Conference, 14-17 December 2011, Thailand
650 ## - SUBJECT ADDED ENTRY--TOPICAL TERM
Topical Term Hevea leaf
650 ## - SUBJECT ADDED ENTRY--TOPICAL TERM
Topical Term Silvernanoparticles
700 ## - ADDED ENTRY--PERSONAL NAME
Personal name Krishnakumar R
700 ## - ADDED ENTRY--PERSONAL NAME
Personal name Musthapha Mridula P
700 ## - ADDED ENTRY--PERSONAL NAME
Personal name Saumya K G
942 ## - ADDED ENTRY ELEMENTS (KOHA)
Koha item type Bibliography STAF
Holdings
Withdrawn status Lost status Damaged status Not for loan Home library Current library Shelving location Date acquired Koha item type
      Bibliography RRII Library RRII Library Physiology 09/04/2014 Bibliography STAF